Normalizing the workplace nap: blurring the boundaries between public and prevate space and time /
Echar una siesta en el trabajo era un comportamiento típico de huída. Sin embargo se ha venido estimulando la siesta en su relación con la productividad. El artículo examina la emergencia de la siesta en el lugar de trabajo, organizada por la patronal, en los Estados Unidos. Se presta atención a cóm...
Gespeichert in:
| 1. Verfasser: | |
|---|---|
| Weitere Verfasser: | |
| Format: | Text |
| Schlagworte: | |
| Tags: |
Tag hinzufügen
Keine Tags, Fügen Sie den ersten Tag hinzu!
|
MARC
| LEADER | 00000 a a2200000 04500 | ||
|---|---|---|---|
| 001 | 4718 | ||
| 003 | |||
| 040 | |||
| 100 | |a Baxter, Vern | ||
| 245 | |a Normalizing the workplace nap: |b blurring the boundaries between public and prevate space and time / |c Vern Baxter | ||
| 500 | |a Resumen también en inglés, francés y español en páginas 170-171 | ||
| 520 | |a Echar una siesta en el trabajo era un comportamiento típico de huída. Sin embargo se ha venido estimulando la siesta en su relación con la productividad. El artículo examina la emergencia de la siesta en el lugar de trabajo, organizada por la patronal, en los Estados Unidos. Se presta atención a cómo el significado cultural de dormir en el trabajo está cambiando para normalizar el estado soporífero que era, en una epoca, motivo de despido. Colonizar la siesta en el trabajo es parte de una tendencia más amplia que es la reconfiguración de las, en otro tiempo, limitadas relaciones entre el hogar y el trabajo y entre el espacio y tiempo público y privado | ||
| 650 | |a CONDICIONES DE TRABAJO | ||
| 650 | |a PRODUCTIVIDAD | ||
| 650 | |a LUGARES DE TRABAJO | ||
| 650 | |a DORMIR | ||
| 700 | |a Kroll Smith, Steve | ||
| 773 | |g volumen 53, número 1; páginas 33-55 | ||
| 999 | |c 26061 |d 26061 | ||
